[Event "Riscle-B"]
[Site "Riscle"]
[Date "2018.08.11"]
[Round "7"]
[White "Gey, Marc Emile"]
[Black "Constantin, Francois"]
[Result "1-0"]
[WhiteElo "1894"]
[BlackElo "1862"]
[PlyCount "75"]
[EventDate "2018.08.06"]
[EventType "tourn"]
[EventRounds "7"]
[EventCountry "FRA"]
[SourceTitle "EXT 2020"]
[Source "ChessBase"]
[SourceDate "2019.10.17"]
[SourceVersion "1"]
[SourceVersionDate "2019.10.17"]
[SourceQuality "1"]

1. Nf3 f5 2. d3 Nc6 3. e4 d6 4. exf5 Bxf5 5. d4 e5 6. dxe5 dxe5 7. Qxd8+ Rxd8 8. Bb5 Bd6 9. 0-0 Nge7 10. Nc3 0-0 11. Bc4+ Kh8 12. Ng5 h6 13. Nf7+ Kh7 14. Nxd8 Rxd8 15. Bb3 Nd4 16. Be3 Nxc2 17. Bxc2 Bxc2 18. Rfc1 Bd3 19. Na4 b6 20. Nc3 Nf5 21. Nd1 Nd4 22. Bxd4 exd4 23. f3 c5 24. Nf2 Bf4 25. Nxd3 Bxc1 26. Rxc1 Rc8 27. b3 a5 28. a4 Re8 29. Re1 Rxe1+ 30. Nxe1 Kg6 31. Kf2 Kf5 32. Ke2 Ke5 33. Kd3 Kd5 34. f4 b5 35. axb5 a4 36. bxa4 c4+ 37. Kd2 c3+ 38. Kd3 1-0

[Event "Riscle-B"]
[Site "Riscle"]
[Date "2018.08.07"]
[Round "2"]
[White "Gey, Marc Emile"]
[Black "Barbier, Astrid"]
[Result "0-1"]
[WhiteElo "1894"]
[BlackElo "1842"]
[PlyCount "90"]
[EventDate "2018.08.06"]
[EventType "tourn"]
[EventRounds "7"]
[EventCountry "FRA"]
[SourceTitle "EXT 2020"]
[Source "ChessBase"]
[SourceDate "2019.10.17"]
[SourceVersion "1"]
[SourceVersionDate "2019.10.17"]
[SourceQuality "1"]

1. Nf3 f5 2. d3 g6 3. e4 d6 4. e5 Bg7 5. d4 Nh6 6. Bxh6 Bxh6 7. Nc3 d5 8. h4 e6 9. h5 g5 10. g4 f4 11. Qd2 0-0 12. 0-0-0 b6 13. Kb1 Ba6 14. Nb5 Qd7 15. Qb4 Bb7 16. Qd2 a6 17. Nc3 Qe7 18. Rh3 Nd7 19. Ne2 c5 20. c3 c4 21. Kc2 Bc6 22. Rb1 b5 23. Kd1 a5 24. Ne1 Nb6 25. Bg2 Rab8 26. Nc2 Na8 27. a3 Nc7 28. Ke1 Na6 29. Kf1 Ra8 30. Bf3 Rfb8 31. Kg2 b4 32. Rhh1 Ba4 33. axb4 axb4 34. Ra1 Bxc2 35. Qxc2 b3 36. Qd2 Nc7 37. Rxa8 Rxa8 38. Rb1 Nb5 39. Qd1 Ra6 40. Ra1 Qa7 41. Rxa6 Qxa6 42. Qd2 Qa1 43. Kh2 Nc7 44. Ng1 Qb1 45. Qe2 Na8 0-1

[Event "Avoine op 31st"]
[Site "Avoine"]
[Date "2016.07.24"]
[Round "2"]
[White "Roussel, Glenn"]
[Black "Gey, Marc Emile"]
[Result "1-0"]
[WhiteElo "2139"]
[BlackElo "1901"]
[PlyCount "37"]
[EventDate "2016.07.23"]
[EventType "swiss"]
[EventRounds "9"]
[EventCountry "FRA"]
[SourceTitle "CBM 173 Extra"]
[Source "ChessBase"]
[SourceDate "2016.08.29"]
[SourceVersion "1"]
[SourceVersionDate "2016.08.29"]
[SourceQuality "1"]

1. e4 Nf6 2. e5 Nd5 3. d4 d6 4. exd6 cxd6 5. c4 Nb6 6. d5 Bf5 7. Nf3 N8d7 8. Nd4 Bxb1 9. Rxb1 g6 10. b3 Bg7 11. Bb2 0-0 12. Be2 Nc5 13. 0-0 e5 14. dxe6 Nxe6 15. Nxe6 fxe6 16. Ba3 Nc8 17. Bg4 Kh8 18. Bxe6 Qa5 19. Qc1 1-0

[Event "Avoine op 30th"]
[Site "Avoine"]
[Date "2015.07.23"]
[Round "6"]
[White "Chevrier, Thomas"]
[Black "Gey, Marc Emile"]
[Result "1-0"]
[WhiteElo "2185"]
[BlackElo "1911"]
[PlyCount "83"]
[EventDate "2015.07.18"]
[EventType "swiss"]
[EventRounds "9"]
[EventCountry "FRA"]
[SourceTitle "EXT 2016"]
[Source "ChessBase"]
[SourceDate "2015.10.08"]
[SourceVersion "1"]
[SourceVersionDate "2015.10.08"]
[SourceQuality "1"]

1. e4 e5 2. Nf3 Nc6 3. Bb5 Nf6 4. d3 Bc5 5. 0-0 Nd4 6. Nxd4 exd4 7. e5 Nd5 8. Qg4 Kf8 9. c3 d6 10. Qe4 dxe5 11. Bc4 Nf6 12. Qxe5 Qd6 13. Qxd6+ cxd6 14. cxd4 Bxd4 15. Nc3 Be6 16. Nb5 Bxc4 17. dxc4 Bc5 18. Bf4 Ne4 19. Rad1 Rd8 20. a3 a6 21. Nd4 g5 22. Be3 Kg7 23. b4 Ba7 24. Nf5+ Kf6 25. Bxa7 Kxf5 26. Bb6 Rd7 27. Rd5+ Kg6 28. Rfd1 Rc8 29. c5 f6 30. f3 Nc3 31. Rxd6 Re7 32. R1d3 Ne2+ 33. Kf2 Nf4 34. Rd2 h5 35. g3 Nh3+ 36. Kg2 g4 37. fxg4 hxg4 38. Bd8 Rf7 39. R2d4 Kf5 40. Rd1 Ng5 41. Rf1+ Nf3 42. h3 1-0

[Event "Avoine op 30th"]
[Site "Avoine"]
[Date "2015.07.19"]
[Round "2"]
[White "Kasparova, Tatiana"]
[Black "Gey, Marc Emile"]
[Result "1-0"]
[WhiteElo "2141"]
[BlackElo "1911"]
[PlyCount "51"]
[EventDate "2015.07.18"]
[EventType "swiss"]
[EventRounds "9"]
[EventCountry "FRA"]
[SourceTitle "EXT 2016"]
[Source "ChessBase"]
[SourceDate "2015.10.08"]
[SourceVersion "1"]
[SourceVersionDate "2015.10.08"]
[SourceQuality "1"]

1. e4 e5 2. Nf3 Nc6 3. Bb5 Nf6 4. 0-0 Nxe4 5. d4 Nd6 6. Bxc6 dxc6 7. dxe5 Nf5 8. Qxd8+ Kxd8 9. Nc3 Bd7 10. h3 h5 11. Bf4 Kc8 12. Rad1 b6 13. Ng5 Be8 14. Rd3 Be7 15. Rfd1 Rh6 16. Nce4 Rg6 17. Nf3 c5 18. Nc3 Kb7 19. Nd5 Bc6 20. c4 Re6 21. g4 hxg4 22. hxg4 Rg6 23. Nh2 Rh8 24. Kf1 Bxd5 25. gxf5 Bg2+ 26. Kg1 1-0

[Event "Avoine op 30th"]
[Site "Avoine"]
[Date "2015.07.18"]
[Round "8"]
[White "Haub, Thorsten Michael"]
[Black "Gey, Marc Emile"]
[Result "1-0"]
[WhiteElo "2392"]
[BlackElo "1911"]
[PlyCount "63"]
[EventDate "2015.07.18"]
[EventType "swiss"]
[EventRounds "9"]
[EventCountry "FRA"]
[SourceTitle "EXT 2016"]
[Source "ChessBase"]
[SourceDate "2015.10.08"]
[SourceVersion "1"]
[SourceVersionDate "2015.10.08"]
[SourceQuality "1"]

1. g3 d5 2. Bg2 g6 3. d3 Bg7 4. Nd2 e5 5. Ngf3 Ne7 6. 0-0 0-0 7. e4 Nbc6 8. c3 a5 9. a4 h6 10. exd5 Nxd5 11. Nc4 Bf5 12. Re1 Re8 13. h3 g5 14. h4 g4 15. Nh2 h5 16. f3 Qd7 17. fxg4 hxg4 18. Bxd5 Qxd5 19. Ne3 Qxd3 20. Nxf5 Qxf5 21. Rf1 Rad8 22. Qxg4 Qxg4 23. Nxg4 Rd3 24. Kg2 e4 25. Bf4 Rd7 26. Rad1 Red8 27. Rde1 f5 28. Ne3 Rd2+ 29. Rf2 Rxf2+ 30. Kxf2 Ne5 31. Bxe5 Bxe5 32. Nxf5 1-0

[Event "Chateauroux op 15th"]
[Site "Chateauroux"]
[Date "2014.10.25"]
[Round "1"]
[White "Gey, Marc Emile"]
[Black "Claudon, Andreas"]
[Result "1-0"]
[WhiteElo "1888"]
[BlackElo "1479"]
[PlyCount "65"]
[EventDate "2014.10.25"]
[EventType "swiss"]
[EventRounds "7"]
[EventCountry "FRA"]
[SourceTitle "EXT 2015"]
[Source "ChessBase"]
[SourceDate "2014.11.20"]
[SourceVersion "1"]
[SourceVersionDate "2014.11.20"]
[SourceQuality "1"]

1. d4 d5 2. Nf3 Nf6 3. c4 e6 4. g3 Bb4+ 5. Bd2 Bxd2+ 6. Nbxd2 0-0 7. Bg2 Nc6 8. 0-0 Re8 9. e3 Ne4 10. Nxe4 dxe4 11. Nd2 f5 12. a3 a5 13. f3 exf3 14. Nxf3 h6 15. Qc2 g5 16. Rad1 Qf6 17. e4 g4 18. e5 Qg7 19. Nh4 Ne7 20. Qe2 Ng6 21. Nxg6 Qxg6 22. d5 Kg7 23. d6 Qf7 24. Rd4 h5 25. Qd2 cxd6 26. Rxd6 Kg6 27. Be4 Kg7 28. Rxf5 exf5 29. Qh6+ Kg8 30. Rg6+ Qxg6 31. Qxg6+ Kf8 32. Bd5 Ke7 33. Qd6# 1-0

[Event "Cholet-A"]
[Site "Cholet"]
[Date "2012.02.24"]
[Round "9"]
[White "Cadiot, Stephane"]
[Black "Gey, Marc Emile"]
[Result "1/2-1/2"]
[WhiteElo "2011"]
[BlackElo "1908"]
[PlyCount "28"]
[EventDate "2012.02.18"]
[EventType "tourn"]
[EventRounds "9"]
[EventCountry "FRA"]
[SourceTitle "EXT 2013"]
[Source "ChessBase"]
[SourceDate "2012.11.22"]
[SourceVersion "1"]
[SourceVersionDate "2012.11.22"]
[SourceQuality "1"]

1. d4 d5 2. Nf3 Nf6 3. e3 e6 4. Be2 Bd6 5. 0-0 0-0 6. b3 c5 7. dxc5 Bxc5 8. c4 Nc6 9. Bb2 Qe7 10. Nc3 dxc4 11. Bxc4 e5 12. Nd5 Nxd5 13. Qxd5 Be6 14. Qe4 Bxc4 1/2-1/2

[Event "Cholet-A"]
[Site "Cholet"]
[Date "2012.02.22"]
[Round "7"]
[White "Gey, Marc Emile"]
[Black "Batteux, Mickael"]
[Result "1/2-1/2"]
[WhiteElo "1908"]
[BlackElo "2037"]
[PlyCount "25"]
[EventDate "2012.02.18"]
[EventType "tourn"]
[EventRounds "9"]
[EventCountry "FRA"]
[SourceTitle "EXT 2013"]
[Source "ChessBase"]
[SourceDate "2012.11.22"]
[SourceVersion "1"]
[SourceVersionDate "2012.11.22"]
[SourceQuality "1"]

1. d4 d5 2. Nf3 e6 3. e3 f5 4. c4 Nf6 5. Nc3 c6 6. Bd3 Bd6 7. h3 0-0 8. g4 dxc4 9. Bxc4 b5 10. Bd3 b4 11. Na4 Ne4 12. Nd2 Nxd2 13. Bxd2 1/2-1/2

[Event "Cholet-A"]
[Site "Cholet"]
[Date "2012.02.22"]
[Round "6"]
[White "Hutois, Mickael"]
[Black "Gey, Marc Emile"]
[Result "0-1"]
[WhiteElo "2162"]
[BlackElo "1908"]
[PlyCount "82"]
[EventDate "2012.02.18"]
[EventType "tourn"]
[EventRounds "9"]
[EventCountry "FRA"]
[SourceTitle "EXT 2013"]
[Source "ChessBase"]
[SourceDate "2012.11.22"]
[SourceVersion "1"]
[SourceVersionDate "2012.11.22"]
[SourceQuality "1"]

1. e4 e5 2. Nf3 Nf6 3. d3 d5 4. Nbd2 Nc6 5. c3 Bd6 6. Be2 0-0 7. 0-0 Ne7 8. Nh4 c6 9. h3 Be6 10. g4 Ng6 11. Ng2 Be7 12. Re1 dxe4 13. dxe4 Bc5 14. Qc2 h5 15. gxh5 Nf4 16. Nxf4 exf4 17. Nb3 Nxh5 18. Bxh5 Qg5+ 19. Bg4 Bxg4 20. hxg4 Qxg4+ 21. Kf1 f3 22. Re3 Qg2+ 23. Ke1 Qg1+ 24. Kd2 Qxf2+ 25. Kd1 Bxe3 26. Qxf2 Bxf2 27. Bf4 Rfe8 28. Nd2 f6 29. Kc2 g5 30. Rf1 Bb6 31. Bg3 g4 32. Rh1 Kf7 33. Rh7+ Kg6 34. Rxb7 Rad8 35. b4 Be3 36. Nf1 Rxe4 37. Rc7 Re6 38. a4 Bb6 39. Rb7 Re2+ 40. Kb3 Rd1 41. Nh2 Rxh2 0-1

[Event "Cholet-A"]
[Site "Cholet"]
[Date "2012.02.21"]
[Round "5"]
[White "Gey, Marc Emile"]
[Black "Primel, Dominique"]
[Result "1/2-1/2"]
[WhiteElo "1908"]
[BlackElo "2001"]
[PlyCount "79"]
[EventDate "2012.02.18"]
[EventType "tourn"]
[EventRounds "9"]
[EventCountry "FRA"]
[SourceTitle "EXT 2013"]
[Source "ChessBase"]
[SourceDate "2012.11.22"]
[SourceVersion "1"]
[SourceVersionDate "2012.11.22"]
[SourceQuality "1"]

1. d4 Nf6 2. Nf3 e6 3. e3 b6 4. Bd3 Bb7 5. 0-0 d5 6. b3 Bd6 7. Bb2 0-0 8. Nbd2 Nbd7 9. Ne5 Ne4 10. Nxe4 dxe4 11. Bb5 Nf6 12. Bc6 Bxc6 13. Nxc6 Qe8 14. Ne5 Rd8 15. Qe2 a5 16. Rfd1 Nd5 17. c4 Nb4 18. a3 Nc6 19. Nxc6 Qxc6 20. Qg4 f5 21. Qxg7+ Kxg7 22. d5+ Kf7 23. dxc6 Rg8 24. g3 h5 25. Kf1 h4 26. Ke2 Ke7 27. Bc3 e5 28. Rd5 Ke6 29. Rad1 Ra8 30. a4 hxg3 31. hxg3 Rh8 32. Rb5 Rae8 33. Rdd5 Kf6 34. c5 bxc5 35. Bxa5 Rh1 36. Rd1 Rxd1 37. Kxd1 Ke6 38. b4 cxb4 39. Bxb4 Bxb4 40. Rxb4 1/2-1/2

[Event "Cholet-A"]
[Site "Cholet"]
[Date "2012.02.20"]
[Round "3"]
[White "Gey, Marc Emile"]
[Black "Hallay, Axel"]
[Result "0-1"]
[WhiteElo "1908"]
[BlackElo "1987"]
[PlyCount "100"]
[EventDate "2012.02.18"]
[EventType "tourn"]
[EventRounds "9"]
[EventCountry "FRA"]
[SourceTitle "EXT 2013"]
[Source "ChessBase"]
[SourceDate "2012.11.22"]
[SourceVersion "1"]
[SourceVersionDate "2012.11.22"]
[SourceQuality "1"]

1. d4 Nf6 2. Nf3 e6 3. e3 b6 4. Bd3 Bb7 5. 0-0 c5 6. c4 Nc6 7. Nc3 cxd4 8. exd4 d5 9. cxd5 Nxd5 10. Bc4 Nxc3 11. bxc3 Be7 12. Bb3 0-0 13. Bc2 Ba6 14. Re1 Bf6 15. Be4 Rc8 16. Qa4 Na5 17. Ba3 Be7 18. Bb4 Qe8 19. Qa3 Rc7 20. d5 exd5 21. Bxe7 Rxe7 22. Bxh7+ Kxh7 23. Qxe7 Qxe7 24. Rxe7 Nc6 25. Rc7 Rc8 26. Rxc8 Bxc8 27. Re1 Ba6 28. Ng5+ Kg6 29. Nf3 Bc4 30. a3 Kf6 31. Re8 a5 32. Rc8 Ne5 33. Nd4 b5 34. f4 Nd7 35. Rc7 Ke7 36. Ra7 a4 37. Nf5+ Kf6 38. g4 Nc5 39. Rc7 Ne6 40. Rc6 g6 41. Nd4 Ke7 42. Nxe6 fxe6 43. Kf2 Kd7 44. Ra6 Kc7 45. Ra8 Kb7 46. Rg8 d4 47. Rh8 dxc3 48. Rh3 c2 49. Rc3 Bb3 50. h4 b4 0-1

[Event "Cholet-A"]
[Site "Cholet"]
[Date "2012.02.18"]
[Round "1"]
[White "Gey, Marc Emile"]
[Black "Le Goff, Ronan"]
[Result "0-1"]
[WhiteElo "1908"]
[BlackElo "2041"]
[PlyCount "60"]
[EventDate "2012.02.18"]
[EventType "tourn"]
[EventRounds "9"]
[EventCountry "FRA"]
[SourceTitle "EXT 2013"]
[Source "ChessBase"]
[SourceDate "2012.11.22"]
[SourceVersion "1"]
[SourceVersionDate "2012.11.22"]
[SourceQuality "1"]

1. d4 d5 2. Nf3 Nf6 3. e3 g6 4. b3 Bg7 5. Bb2 0-0 6. Be2 Bf5 7. 0-0 Nbd7 8. Nbd2 c5 9. c4 dxc4 10. Nxc4 Ne4 11. Nh4 Be6 12. Rc1 Bd5 13. f3 Ng5 14. e4 Bxc4 15. Bxc4 Nb6 16. Bd5 Nxd5 17. exd5 Rc8 18. Qe2 Qxd5 19. dxc5 Bxb2 20. Qxb2 Rxc5 21. Rcd1 Qc6 22. Qd4 Ne6 23. Qg4 Rg5 24. Qb4 Qc5+ 25. Qxc5 Rxc5 26. g3 Rc2 27. Rd7 Rxa2 28. Rxb7 Ng5 29. Ng2 Nh3+ 30. Kh1 Rd8 0-1

[Event "FRA-ch op-B"]
[Site "Nimes"]
[Date "2009.08.19"]
[Round "8"]
[White "Feryn, Benjamin"]
[Black "Gey, Marc Emile"]
[Result "1-0"]
[WhiteElo "1954"]
[BlackElo "1946"]
[PlyCount "51"]
[EventDate "2009.08.11"]
[EventType "swiss"]
[EventRounds "11"]
[EventCountry "FRA"]
[SourceTitle "EXT 2011"]
[Source "ChessBase"]
[SourceDate "2010.11.26"]
[SourceVersion "1"]
[SourceVersionDate "2010.11.26"]
[SourceQuality "1"]

1. e4 d5 2. exd5 Nf6 3. Nc3 Nxd5 4. Bc4 Nb6 5. Bb3 Nc6 6. Nf3 e5 7. 0-0 Be7 8. Re1 Bg4 9. h3 Bxf3 10. Qxf3 0-0 11. d3 Bf6 12. Ne4 Be7 13. Qh5 Nd5 14. Bg5 Nf6 15. Bxf6 Bxf6 16. Ba4 g6 17. Qf3 Bg7 18. Bxc6 bxc6 19. Re2 Rb8 20. Rb1 f5 21. Nd2 Qd5 22. b3 Rfd8 23. Nc4 Qxf3 24. gxf3 Rd5 25. Rbe1 Re8 26. f4 1-0

[Event "FRA-ch op-B"]
[Site "Nimes"]
[Date "2009.08.14"]
[Round "4"]
[White "Iasman, Inna"]
[Black "Gey, Marc Emile"]
[Result "1/2-1/2"]
[WhiteElo "1947"]
[BlackElo "1946"]
[PlyCount "56"]
[EventDate "2009.08.11"]
[EventType "swiss"]
[EventRounds "11"]
[EventCountry "FRA"]
[SourceTitle "EXT 2011"]
[Source "ChessBase"]
[SourceDate "2010.11.26"]
[SourceVersion "1"]
[SourceVersionDate "2010.11.26"]
[SourceQuality "1"]

1. d4 d5 2. c4 Bf5 3. Nc3 e6 4. Qb3 Nc6 5. Be3 Bb4 6. a3 Bxc3+ 7. bxc3 Rb8 8. cxd5 exd5 9. Nf3 Nge7 10. Bf4 0-0 11. e3 Nc8 12. Be2 Nb6 13. 0-0 Na5 14. Qa2 Nbc4 15. Ne5 Nxe5 16. Bxe5 Qd7 17. a4 Rbc8 18. Rfc1 c6 19. h3 Be6 20. Rab1 Bf5 21. Rb4 b6 22. Ba6 Rce8 23. Bg3 Re6 24. Qe2 h6 25. c4 Nxc4 26. Bxc4 dxc4 27. Rbxc4 Rfe8 28. R4c3 Qxd4 1/2-1/2

[Event "Saint Quentin op 11th"]
[Site "Elancourt"]
[Date "2009.04.25"]
[Round "9"]
[White "Fayolle, Guy"]
[Black "Gey, Marc Emile"]
[Result "1/2-1/2"]
[WhiteElo "1854"]
[BlackElo "1953"]
[PlyCount "121"]
[EventDate "2009.04.18"]
[EventType "swiss"]
[EventRounds "9"]
[EventCountry "FRA"]
[SourceTitle "CBM 129 Extra"]
[Source "ChessBase"]
[SourceDate "2009.05.05"]
[SourceVersion "2"]
[SourceVersionDate "2009.05.20"]
[SourceQuality "1"]

1. e4 d5 2. exd5 Nf6 3. Bb5+ Bd7 4. Bxd7+ Qxd7 5. c4 c6 6. dxc6 Nxc6 7. Nc3 Qd3 8. Qe2 Nb4 9. Qxd3 Nxd3+ 10. Ke2 0-0-0 11. Nf3 e6 12. Ne1 Nf4+ 13. Kf3 e5 14. g3 Nd3 15. Nxd3 Rxd3+ 16. Ke2 Rd4 17. d3 e4 18. dxe4 Nxe4 19. Nxe4 Rxe4+ 20. Kd3 f5 21. Be3 Bb4 22. a3 Rd8+ 23. Kc2 Be7 24. b3 a5 25. Rhd1 Rxd1 26. Kxd1 a4 27. Kc2 g5 28. Rd1 Bxa3 29. Bxg5 Bc5 30. f3 axb3+ 31. Kxb3 Re2 32. Rd2 Re1 33. Rd5 Bg1 34. h3 Bh2 35. Rxf5 Bxg3 36. Rf8+ Kd7 37. Rf7+ Kd6 38. Rxh7 Rf1 39. Rf7 Rh1 40. Bf4+ Ke6 41. Rf8 Rxh3 42. Bxg3 Rxg3 43. Kb4 Kd6 44. Kb5 Rg1 45. Rf6+ Kc7 46. f4 Rb1+ 47. Kc5 b6+ 48. Kd5 b5 49. Rf7+ Kd8 50. c5 b4 51. f5 b3 52. Kc6 b2 53. f6 Re1 54. Rd7+ Ke8 55. Rb7 b1Q 56. Rxb1 Rxb1 57. Kc7 Kf7 58. c6 Rb2 59. Kc8 Kxf6 60. c7 Kf7 61. Kd7 1/2-1/2

[Event "Saint Quentin op 11th"]
[Site "Elancourt"]
[Date "2009.04.23"]
[Round "7"]
[White "Vallepin, Cedric"]
[Black "Gey, Marc Emile"]
[Result "1-0"]
[WhiteElo "2130"]
[BlackElo "1953"]
[PlyCount "55"]
[EventDate "2009.04.18"]
[EventType "swiss"]
[EventRounds "9"]
[EventCountry "FRA"]
[SourceTitle "CBM 129 Extra"]
[Source "ChessBase"]
[SourceDate "2009.05.05"]
[SourceVersion "2"]
[SourceVersionDate "2009.05.20"]
[SourceQuality "1"]

1. d4 d5 2. c4 Bf5 3. cxd5 Bxb1 4. Qa4+ c6 5. Rxb1 Qxd5 6. Nf3 Nd7 7. b4 Ngf6 8. e3 e6 9. Qc2 Bd6 10. Bd3 Qh5 11. h3 0-0 12. 0-0 e5 13. dxe5 Nxe5 14. Nxe5 Qxe5 15. f4 Qe7 16. b5 Rac8 17. e4 Bc5+ 18. Kh2 Ng4+ 19. Kh1 Ne3 20. Bxe3 Bxe3 21. Qe2 Bd4 22. bxc6 Rxc6 23. e5 Bb6 24. f5 Rh6 25. a4 Rc8 26. f6 Qf8 27. e6 fxe6 28. Qxe6+ 1-0

[Event "FRA-ch op-B"]
[Site "Aix les Bains"]
[Date "2007.08.14"]
[Round "1"]
[White "Gey, Marc Emile"]
[Black "Scamps, Guillaume"]
[Result "1-0"]
[WhiteElo "1985"]
[BlackElo "1864"]
[PlyCount "59"]
[EventDate "2007.08.13"]
[EventType "swiss"]
[EventRounds "11"]
[EventCountry "FRA"]
[SourceTitle "CBM 120 Extra"]
[Source "ChessBase"]
[SourceDate "2007.11.01"]
[SourceVersion "1"]
[SourceVersionDate "2007.11.01"]
[SourceQuality "1"]

1. Nf3 Nf6 2. g3 g6 3. b3 Bg7 4. Bb2 0-0 5. Bg2 d6 6. 0-0 c5 7. d3 b5 8. Nfd2 d5 9. c4 b4 10. cxd5 Nxd5 11. Bxg7 Kxg7 12. Qc2 Na6 13. a3 Bg4 14. Qc4 Be6 15. Qxa6 Qc7 16. axb4 cxb4 17. Qc4 Qd7 18. Bxd5 Qxd5 19. Qxd5 Bxd5 20. Rc1 Rfc8 21. Nc4 Rc7 22. Nbd2 Rac8 23. Ra5 Be6 24. Rca1 Ra8 25. Rb5 Bd7 26. Rxb4 a6 27. Rb6 Bb5 28. Rxb5 axb5 29. Rxa8 bxc4 30. dxc4 1-0

[Event "FRA-ch opA"]
[Site "Val d'Isere"]
[Date "2004.08.??"]
[Round "1"]
[White "Debray, Christopher"]
[Black "Gey, Marc Emile"]
[Result "1-0"]
[WhiteElo "2185"]
[BlackElo "2051"]
[PlyCount "71"]
[EventDate "2004.08.16"]
[EventType "swiss"]
[EventRounds "9"]
[EventCountry "FRA"]
[SourceTitle "EXT 2005"]
[Source "ChessBase"]
[SourceDate "2004.11.15"]
[SourceVersion "1"]
[SourceVersionDate "2004.11.15"]
[SourceQuality "1"]

1. d4 d5 2. c4 c6 3. Nc3 Nf6 4. Nf3 a6 5. cxd5 cxd5 6. Bf4 Nc6 7. e3 e6 8. Bd3 Bd6 9. Bg5 Be7 10. 0-0 0-0 11. Rc1 Bd7 12. Ne5 h6 13. Nxd7 Nxd7 14. Bf4 Bg5 15. Bg3 Bh4 16. Ne2 Bxg3 17. Nxg3 Nf6 18. f4 Qb6 19. Qe2 Rac8 20. Bb1 Ne7 21. f5 Rxc1 22. Rxc1 Rc8 23. Rxc8+ Nxc8 24. fxe6 Qxe6 25. e4 dxe4 26. Nxe4 Nd6 27. Nxf6+ Qxf6 28. Qf2 Qg5 29. Bd3 Qc1+ 30. Bf1 Qd1 31. Qf4 Ne8 32. Qe4 Nf6 33. Qxb7 Qxd4+ 34. Kh1 Ne4 35. g3 Qf2 36. Qa8+ 1-0

[Event "Agneaux St Lo"]
[Site "Agneaux"]
[Date "2000.07.01"]
[Round "8"]
[White "Gey, Marc Emile"]
[Black "Henry, Tony"]
[Result "0-1"]
[WhiteElo "2031"]
[BlackElo "1840"]
[PlyCount "50"]
[EventDate "2000.06.26"]
[EventType "tourn"]
[EventRounds "9"]
[EventCountry "FRA"]
[SourceTitle "EXT 2003"]
[Source "ChessBase"]
[SourceDate "2002.11.25"]
[SourceVersion "1"]
[SourceVersionDate "2002.11.25"]
[SourceQuality "1"]

1. d4 Nf6 2. Nf3 e6 3. Bg5 d5 4. e3 Nbd7 5. Bd3 Bd6 6. Nbd2 c6 7. c3 Qc7 8. 0-0 h6 9. Bh4 b6 10. e4 dxe4 11. Nxe4 Nxe4 12. Bxe4 f5 13. Ne5 Bxe5 14. dxe5 fxe4 15. Qh5+ Kf8 16. f4 Ba6 17. f5 Bxf1 18. fxe6 Nxe5 19. Rxf1+ Kg8 20. e7 g6 21. Qd1 Qd7 22. Bf6 Rh7 23. Qxd7 Nxd7 24. Rd1 Nxf6 25. Rd8+ Kf7 0-1

[Event "Agneaux St Lo"]
[Site "Agneaux"]
[Date "1999.??.??"]
[Round "6"]
[White "Assad, Karine"]
[Black "Gey, Marc Emile"]
[Result "1/2-1/2"]
[WhiteElo "2000"]
[BlackElo "2065"]
[PlyCount "51"]
[EventDate "1999.??.??"]
[EventType "tourn"]
[EventRounds "9"]
[EventCountry "FRA"]
[SourceTitle "EXT 2000"]
[Source "ChessBase"]
[SourceDate "1999.11.16"]
[SourceVersion "1"]
[SourceVersionDate "1999.11.16"]
[SourceQuality "1"]

1. d4 d5 2. c4 e6 3. Nc3 Nf6 4. Bg5 Be7 5. Nf3 0-0 6. e3 h6 7. Bh4 b6 8. cxd5 Nxd5 9. Bxe7 Qxe7 10. Bd3 Nxc3 11. bxc3 Bb7 12. a4 Nd7 13. 0-0 c5 14. e4 Rfd8 15. Re1 Qd6 16. Qb3 cxd4 17. cxd4 Nc5 18. Qa3 Nxd3 19. Qxd3 Rac8 20. a5 Rc7 21. axb6 axb6 22. Rab1 Ra8 23. Qb5 Ra2 24. Qxb6 Qxb6 25. Rxb6 Ba8 26. Rb8+ 1/2-1/2

[Event "Agneaux St Lo"]
[Site "Agneaux"]
[Date "1999.??.??"]
[Round "5"]
[White "Gey, Marc Emile"]
[Black "Veron, Cyprien"]
[Result "0-1"]
[WhiteElo "2065"]
[BlackElo "2160"]
[PlyCount "78"]
[EventDate "1999.??.??"]
[EventType "tourn"]
[EventRounds "9"]
[EventCountry "FRA"]
[SourceTitle "EXT 2000"]
[Source "ChessBase"]
[SourceDate "1999.11.16"]
[SourceVersion "1"]
[SourceVersionDate "1999.11.16"]
[SourceQuality "1"]

1. d4 d5 2. Nf3 Nf6 3. Bg5 Bf5 4. e3 e6 5. Bd3 Bxd3 6. Qxd3 c6 7. Nbd2 Be7 8. 0-0 0-0 9. c3 Nbd7 10. Rfe1 c5 11. Qb5 b6 12. e4 dxe4 13. Bxf6 Nxf6 14. Nxe4 Nxe4 15. Rxe4 Qc7 16. dxc5 Bxc5 17. Rd1 Rfd8 18. Ree1 Bd6 19. Qh5 h6 20. Rd4 Qc5 21. Qxc5 Bxc5 22. Rdd1 b5 23. Kf1 b4 24. c4 Be7 25. b3 Bf6 26. Ke2 a5 27. Rxd8+ Rxd8 28. Rd1 Ra8 29. Kd3 a4 30. c5 axb3 31. axb3 Rd8+ 32. Ke2 Rc8 33. Rc1 Bc3 34. Nd2 Rxc5 35. Ne4 Re5 36. Kd3 Rd5+ 37. Ke2 Be5 38. h3 f5 39. Nc5 Bc3 0-1

[Event "FRA-ch op-A"]
[Site "Auxerre"]
[Date "1996.??.??"]
[Round "?"]
[White "Mancini, Xavier"]
[Black "Gey, Marc Emile"]
[Result "1-0"]
[WhiteElo "2130"]
[BlackElo "1870"]
[PlyCount "35"]
[EventDate "1996.08.??"]
[EventType "swiss"]
[EventRounds "10"]
[EventCountry "FRA"]
[SourceTitle "EXT 2004"]
[Source "ChessBase"]
[SourceDate "2003.11.25"]
[SourceVersion "1"]
[SourceVersionDate "2003.11.25"]
[SourceQuality "1"]

1. e4 c6 2. d4 d5 3. Nd2 dxe4 4. Nxe4 Nd7 5. Nf3 Ngf6 6. Ng3 e6 7. Bc4 Nb6 8. Bb3 c5 9. c3 Qc7 10. 0-0 Be7 11. Ne5 cxd4 12. cxd4 Bd6 13. Re1 Bxe5 14. dxe5 Nfd5 15. Qg4 Kf8 16. Bd2 Bd7 17. Nh5 Rg8 18. Nxg7 1-0

[Event "FRA-chB"]
[Site "Toulouse"]
[Date "1995.??.??"]
[Round "10"]
[White "Gey, Marc Emile"]
[Black "Augereau, Cyrille"]
[Result "0-1"]
[WhiteElo "1840"]
[BlackElo "1830"]
[PlyCount "56"]
[EventDate "1995.08.??"]
[EventType "swiss"]
[EventRounds "11"]
[EventCountry "FRA"]
[SourceTitle "EXT 1998"]
[Source "ChessBase"]
[SourceDate "1997.11.17"]
[SourceVersion "1"]
[SourceVersionDate "1997.11.17"]
[SourceQuality "1"]

1. Nf3 d5 2. g3 Nf6 3. d3 Bg4 4. Bg2 Nbd7 5. Nbd2 e5 6. e4 c6 7. 0-0 Bd6 8. Re1 0-0 9. h3 Bh5 10. Nf1 dxe4 11. dxe4 Nc5 12. Bg5 h6 13. Bxf6 Qxf6 14. g4 Bg6 15. Ng3 Rad8 16. Qe2 Ne6 17. Qc4 Nf4 18. Kh2 Qe6 19. Bf1 Rd7 20. Nh4 Qxc4 21. Bxc4 Bc5 22. Nxg6 Nxg6 23. f3 Rfd8 24. Nf1 Nf4 25. Kg3 a5 26. a4 Rd2 27. Nxd2 Rxd2 28. g5 Rg2+ 0-1